00510cam a22001572 4500001001100000005001700011008004100028040001500069100003700084245011200121250001300233260003000246300001600276651005700292852000300349000001167120151217155845.0081222s xx 000 0 eng d aKABUcKABU1 aFrederick, Adolphus.@000016763310aIn the heart of Africa /cby the Duke Adolphus Frederick of Meckleburg; translated by G. E. Maberly-Oppler. a1st ed. aLondon :bCassell,c1910. axx, 295 p. 0aAfrica, CentralxDescription and travel.@00001486741